000 00478nam a2200205Ia 4500
003 0100
008 130303s9999 xx 000 0 und d
020 _a670502863
040 _cARRUPELIB
050 _aQL754M9 1980
245 4 _aThe Mystery of migration
260 _aNew York
260 _bViking Press
260 _C1981
300 _a256p.
300 _b 29cm.
440 _aA Studio book
700 _aedited by Robin Baker , Baker, Robin, 1944-
942 0 0 _01
999 _c12464
_d12464